Fr. Conceicao Rodrigues College of Engineering

Management Science (Record no. 25900)

MARC details
000 -LEADER
fixed length control field 00313nam a2200145Ia 4500
082 ## - DEWEY DECIMAL CLASSIFICATION NUMBER
Classification number 658.4033
Item number PIN
100 ## - MAIN ENTRY--PERSONAL NAME
Personal name Pinny/William E
245 ## - TITLE STATEMENT
Title Management Science
260 ## - PUBLICATION, DISTRIBUTION, ETC.
Name of publisher, distributor, etc. Harper and Row pub.
Place of publication, distribution, etc. New York
Date of publication, distribution, etc. 1987
300 ## - PHYSICAL DESCRIPTION
Extent 620
546 ## - LANGUAGE NOTE
Language note ENGLISH
654 ## - SUBJECT ADDED ENTRY--FACETED TOPICAL TERMS
Focus term management
942 ## - ADDED ENTRY ELEMENTS (KOHA)
Koha item type Reference Book
Holdings
Withdrawn status Lost status Damaged status Not for loan Collection Home library Current library Shelving location Date acquired Cost, normal purchase price Total Checkouts Full call number Barcode Date last seen Cost, replacement price Price effective from Koha item type
        CRC Fr. Agnel's C.Rodrigues College of Engineering Fr. Agnel's C.Rodrigues College of Engineering   17/03/2023 187.05   658.4033 PIN 2587 17/03/2023 187.05 17/03/2023 Reference Book